000 00392nam a2200157Ia 4500
008 220531s9999 xx 000 0 und d
041 _amar
100 _aअवचट अनिल
_955690
245 _aवनात..जनात..
260 _bMajestic
_c2010
300 _a152
542 _d16-09-2010
650 _aGeneral
_955691
906 _d2010-2011
999 _c32149
_d32149